LEADER 02148nam 2200577 a 450 001 9910974965103321 005 20260225195605.0 010 $a1-282-58521-5 010 $a9786612585210 010 $a1-4438-1808-9 035 $a(CKB)3390000000009083 035 $a(EBL)1165789 035 $a(OCoLC)647089179 035 $a(SSID)ssj0000434785 035 $a(PQKBManifestationID)12209702 035 $a(PQKBTitleCode)TC0000434785 035 $a(PQKBWorkID)10402832 035 $a(PQKB)11375866 035 $a(MiAaPQ)EBC1165789 035 $a(Au-PeEL)EBL1165789 035 $a(CaPaEBR)ebr10650931 035 $a(CaONFJC)MIL258521 035 $a(FINmELB)ELB142826 035 $a(EXLCZ)993390000000009083 100 $a20100517d2010 uy 0 101 0 $aeng 135 $aur|n|---||||| 181 $ctxt 182 $cc 183 $acr 200 10$aConceiving God $eperversions and brainstorms : a thesis on the origins of human religiosity /$fby Ioannis Tsoukalas 210 $aNewcastle upon Tyne $cCambridge Scholars$d2010 215 $a1 online resource (142 p.) 300 $aDescription based upon print version of record. 311 08$a1-4438-1738-4 320 $aIncludes bibliographical references (p. [97]-115) and index. 327 $aTABLE OF CONTENTS; INTRODUCTION; HUMAN EVOLUTION AND CULTURE; TRIANGULATING GOD; NEUROPSYCHOLOGICAL INTERSECTIONS; THE NATURAL HISTORY OF A SUPERNATURAL CONCEPT; THE MARKS OF RELIGION; CONCLUSION; REFERENCES; NOTES; INDEX 330 $aThis book presents a novel explanation for the emergence of the God-concept and human religiosity. In so doing it makes creative use of the most recent findings in anthropology, neurology and psychology. At the center of this explanation is the fact that 606 $aReligiousness 606 $aTranscendence of God 615 0$aReligiousness. 615 0$aTranscendence of God. 676 $a212 700 $aTsoukalas$b Ioannis$01895576 801 0$bMiAaPQ 801 1$bMiAaPQ 801 2$bMiAaPQ 906 $aBOOK 912 $a9910974965103321 996 $aConceiving God$94548546 997 $aUNINA